[Event "Oravska Priehrada op"]
[Site "Namestovo"]
[Date "2017.08.27"]
[Round "7"]
[White "Kacir, Tomas"]
[Black "Ziaran, Viliam"]
[Result "1-0"]
[WhiteElo "1727"]
[BlackElo "1853"]
[PlyCount "131"]
[EventDate "2017.08.25"]
[EventType "swiss"]
[EventRounds "7"]
[EventCountry "SVK"]
[SourceTitle "CBM 180 Extra"]
[Source "ChessBase"]
[SourceDate "2017.10.06"]
[SourceVersion "1"]
[SourceVersionDate "2017.10.06"]
[SourceQuality "1"]

1. e4 d5 2. exd5 Qxd5 3. Nc3 Qd6 4. d4 Nf6 5. Nf3 a6 6. h3 b5 7. a3 Bb7 8. Be3 e6 9. Bd3 Be7 10. 0-0 Nbd7 11. Nd2 Nd5 12. Nxd5 Bxd5 13. Be4 Nf6 14. Bxd5 Nxd5 15. Qf3 0-0 16. Ne4 Qc6 17. Rac1 f5 18. Nc3 f4 19. Nxd5 exd5 20. Bd2 Qc4 21. c3 Bd6 22. Qg4 Qb3 23. Rb1 Rae8 24. Qd1 Qc4 25. Qc2 Re4 26. Rfe1 Rxd4 27. f3 Qd3 28. Qxd3 Rxd3 29. Re2 g5 30. Rd1 Kf7 31. Kf1 Bc5 32. Ree1 Be3 33. Bxe3 Rxe3 34. Rxe3 fxe3 35. Rxd5 Kf6 36. Ke2 Re8 37. g3 h5 38. Rd3 g4 39. hxg4 hxg4 40. fxg4 Kg5 41. Rxe3 Rh8 42. Kf3 Rf8+ 43. Ke4 Kxg4 44. Kd5 Rf2 45. b4 Ra2 46. Kc6 Rxa3 47. Kxc7 a5 48. bxa5 b4 49. Re4+ Kxg3 50. cxb4 Rc3+ 51. Kb7 Kf3 52. Rd4 Ke3 53. Rh4 Rc1 54. a6 Rg1 55. b5 Rg7+ 56. Kb6 Rg6+ 57. Ka5 Kf3 58. a7 Rg1 59. Rh6 Ra1+ 60. Kb6 Kf4 61. Kb7 Kg5 62. a8Q Rxa8 63. Kxa8 Kxh6 64. b6 Kg6 65. b7 Kf7 66. b8Q 1-0

[Event "Oravska Priehrada op"]
[Site "Namestovo"]
[Date "2017.08.26"]
[Round "4"]
[White "Valko, Michal"]
[Black "Kacir, Tomas"]
[Result "1/2-1/2"]
[WhiteElo "1433"]
[BlackElo "1727"]
[PlyCount "120"]
[EventDate "2017.08.25"]
[EventType "swiss"]
[EventRounds "7"]
[EventCountry "SVK"]
[SourceTitle "CBM 180 Extra"]
[Source "ChessBase"]
[SourceDate "2017.10.06"]
[SourceVersion "1"]
[SourceVersionDate "2017.10.06"]
[SourceQuality "1"]

1. c4 Nf6 2. Nf3 e6 3. Nc3 d5 4. d4 Bb4 5. Bg5 Nbd7 6. a3 Bxc3+ 7. bxc3 h6 8. Bh4 0-0 9. cxd5 exd5 10. e3 Qe8 11. Bb5 Ne4 12. Qb3 c6 13. Bd3 Ndf6 14. Bxf6 Nxf6 15. 0-0 Qe7 16. Rab1 b6 17. Ne5 c5 18. Qb2 Ng4 19. Nxg4 Bxg4 20. c4 Qg5 21. cxd5 Bf3 22. g3 Qg4 23. Rfe1 cxd4 24. e4 Rae8 25. Qxd4 f5 26. Rb4 f4 27. e5 fxg3 28. fxg3 Qg5 29. d6 Kh8 30. d7 Qd2 31. Qf2 Qxf2+ 32. Kxf2 Bc6+ 33. Rf4 Bxd7 34. Bc4 g5 35. Rf6 Kg7 36. Rxf8 Kxf8 37. Kf3 Ke7 38. Ke4 Rc8 39. Kd4 Be6 40. Bxe6 Kxe6 41. Rf1 Rd8+ 42. Ke4 Rh8 43. Rf6+ Ke7 44. Kf5 Rf8 45. Kg6 Rxf6+ 46. exf6+ Kf8 47. Kxh6 b5 48. Kxg5 a5 49. h4 b4 50. axb4 axb4 51. h5 b3 52. h6 Kg8 53. Kg6 b2 54. h7+ Kh8 55. f7 b1Q+ 56. Kf6 Qb6+ 57. Ke7 Qc7+ 58. Ke8 Qe5+ 59. Kd7 Qxg3 60. f8Q+ Kxh7 1/2-1/2

[Event "Ostrava Konik op"]
[Site "Ostrava"]
[Date "2014.04.29"]
[Round "4"]
[White "Kacir, Tomas"]
[Black "Lipovsky, Tomas"]
[Result "0-1"]
[WhiteElo "1771"]
[BlackElo "2011"]
[PlyCount "58"]
[EventDate "2014.04.26"]
[EventType "swiss"]
[EventRounds "9"]
[EventCountry "CZE"]
[SourceTitle "CBM 160 Extra"]
[Source "ChessBase"]
[SourceDate "2014.07.01"]
[SourceVersion "1"]
[SourceVersionDate "2014.07.01"]
[SourceQuality "1"]

1. d4 Nf6 2. c4 g6 3. Nc3 d5 4. Bg5 Ne4 5. Nxe4 dxe4 6. e3 Bg7 7. Qc2 c5 8. 0-0-0 Qa5 9. Qb3 Nc6 10. d5 Ne5 11. Qb5+ Qxb5 12. cxb5 Bd7 13. b3 Rc8 14. Bc4 Nd3+ 15. Rxd3 exd3 16. Kd2 e6 17. e4 exd5 18. Bxd5 Bxb5 19. Bxb7 Rc7 20. Bd5 c4 21. bxc4 Bxc4 22. Bxc4 Rxc4 23. Kxd3 Rc3+ 24. Kd2 Ra3 25. Nf3 Rxa2+ 26. Ke3 Ra3+ 27. Ke2 Ra1 28. Rxa1 Bxa1 29. Be3 a5 0-1

[Event "Ostrava Konik op"]
[Site "Ostrava"]
[Date "2014.04.26"]
[Round "1"]
[White "Kacir, Tomas"]
[Black "Soukup, Ondrej"]
[Result "1-0"]
[WhiteElo "1771"]
[BlackElo "1250"]
[PlyCount "39"]
[EventDate "2014.04.26"]
[EventType "swiss"]
[EventRounds "9"]
[EventCountry "CZE"]
[SourceTitle "CBM 160 Extra"]
[Source "ChessBase"]
[SourceDate "2014.07.01"]
[SourceVersion "1"]
[SourceVersionDate "2014.07.01"]
[SourceQuality "1"]

1. d4 d5 2. Nf3 Nf6 3. c4 Be6 4. c5 Nc6 5. Bf4 Bf5 6. a3 e6 7. e3 b6 8. Bb5 Qd7 9. Qa4 Bc2 10. Qxc2 a6 11. Ne5 Qc8 12. Bxc6+ Ke7 13. Bxa8 Qxa8 14. cxb6 cxb6 15. Qc7+ Ke8 16. Qxf7+ Kd8 17. Qxe6 Qb7 18. Nc6+ Qxc6 19. Qxc6 Nd7 20. Nc3 1-0

[Event "SVK-ch U18"]
[Site "Lubovna"]
[Date "2013.04.10"]
[Round "6"]
[White "Drinka, Robert"]
[Black "Kacir, Tomas"]
[Result "1/2-1/2"]
[WhiteElo "1290"]
[BlackElo "1569"]
[PlyCount "117"]
[EventDate "2013.04.06"]
[EventType "swiss"]
[EventRounds "9"]
[EventCountry "SVK"]
[SourceTitle "CBM 153 Extra"]
[Source "ChessBase"]
[SourceDate "2013.04.22"]
[SourceVersion "1"]
[SourceVersionDate "2013.04.22"]
[SourceQuality "1"]

1. e4 e5 2. Nf3 Nf6 3. Nc3 Bb4 4. d3 Nc6 5. a3 Bxc3+ 6. bxc3 d5 7. exd5 Nxd5 8. Bg5 Qd6 9. c4 Nf6 10. Be2 0-0 11. 0-0 Bg4 12. h3 Bh5 13. Re1 Rfe8 14. c3 e4 15. Nh2 Bxe2 16. Rxe2 exd3 17. Rxe8+ Rxe8 18. Bxf6 Qxf6 19. Qxd3 Rd8 20. Re1 Kf8 21. Qc2 g6 22. Nf3 Qd6 23. Qb2 b6 24. Re2 Qc5 25. Qb5 Qxb5 26. cxb5 Na5 27. Rd2 Rxd2 28. Nxd2 Ke7 29. Kf1 Kd6 30. Ke2 Kc5 31. a4 f5 32. Kd3 c6 33. bxc6 Nxc6 34. Nb3+ Kd5 35. f4 Nb8 36. g3 Nd7 37. g4 Nc5+ 38. Nxc5 Kxc5 39. g5 a6 40. h4 b5 41. a5 b4 42. cxb4+ Kxb4 43. Kd4 Kxa5 44. Ke5 Kb4 45. Kf6 a5 46. Kg7 a4 47. Kxh7 a3 48. h5 gxh5 49. g6 a2 50. g7 a1Q 51. g8Q Qa7+ 52. Kh6 Qa6+ 53. Kxh5 Qe2+ 54. Kg6 Qg4+ 55. Kf7 Qxf4 56. Kf6 Kc5 57. Qc8+ Kd4 58. Qxf5 Qxf5+ 59. Kxf5 1/2-1/2

[Event "SVK-ch U18"]
[Site "Lubovna"]
[Date "2013.04.08"]
[Round "4"]
[White "Irha, Martin"]
[Black "Kacir, Tomas"]
[Result "1/2-1/2"]
[WhiteElo "1420"]
[BlackElo "1569"]
[PlyCount "21"]
[EventDate "2013.04.06"]
[EventType "swiss"]
[EventRounds "9"]
[EventCountry "SVK"]
[SourceTitle "CBM 153 Extra"]
[Source "ChessBase"]
[SourceDate "2013.04.22"]
[SourceVersion "1"]
[SourceVersionDate "2013.04.22"]
[SourceQuality "1"]

1. e4 e5 2. Nf3 Nf6 3. Nxe5 d6 4. Nf3 Nxe4 5. d3 Nf6 6. Be2 Be7 7. 0-0 0-0 8. Nc3 Nc6 9. Bg5 Bg4 10. Re1 Re8 11. h3 1/2-1/2

[Event "SVK-chT2D 1213"]
[Site "Slovakia"]
[Date "2013.03.16"]
[Round "10.8"]
[White "Kacir, Tomas"]
[Black "Macejko, Miroslav"]
[Result "0-1"]
[WhiteElo "1571"]
[BlackElo "1684"]
[PlyCount "100"]
[EventDate "2012.10.13"]
[EventType "team-tourn"]
[EventRounds "11"]
[EventCountry "SVK"]
[SourceTitle "EXT 2015"]
[Source "ChessBase"]
[SourceDate "2014.11.20"]
[SourceVersion "1"]
[SourceVersionDate "2014.11.20"]
[SourceQuality "1"]
[WhiteTeam "Sabinov II"]
[BlackTeam "Prakovce"]
[WhiteTeamCountry "SVK"]
[BlackTeamCountry "SVK"]

1. e4 e5 2. Nf3 Nc6 3. Bc4 d6 4. d4 exd4 5. Nxd4 Ne5 6. Be2 g6 7. Nc3 Bg7 8. 0-0 Ne7 9. Bg5 f6 10. Be3 0-0 11. f4 N5c6 12. Bc4+ Kh8 13. Ne6 Bxe6 14. Bxe6 f5 15. exf5 Nxf5 16. Bxf5 Rxf5 17. Qd2 Qd7 18. Rae1 Re8 19. b3 a6 20. Ne2 Qf7 21. g3 Rd5 22. Qc1 Qf5 23. Bd2 Re4 24. Nc3 Bxc3 25. Bxc3+ Kg8 26. Rxe4 Qxe4 27. Qe1 Qe7 28. Qxe7 Nxe7 29. Re1 Kf7 30. Re2 b6 31. a4 c6 32. Rd2 Rxd2 33. Bxd2 Ke6 34. Kf2 Nf5 35. c3 h5 36. h3 d5 37. Be3 b5 38. axb5 axb5 39. Bc5 d4 40. cxd4 Kd5 41. Kf3 Nxd4+ 42. Bxd4 Kxd4 43. g4 c5 44. gxh5 gxh5 45. f5 Ke5 46. f6 Kxf6 47. h4 Ke5 48. Ke3 c4 49. bxc4 bxc4 50. Kd2 Kf4 0-1

[Event "SVK-ch U16"]
[Site "Lubovnianske Kupele"]
[Date "2012.03.22"]
[Round "7"]
[White "Ziaran, Milan"]
[Black "Kacir, Tomas"]
[Result "1/2-1/2"]
[WhiteElo "1237"]
[BlackElo "1568"]
[PlyCount "70"]
[EventDate "2012.03.17"]
[EventType "swiss"]
[EventRounds "9"]
[EventCountry "SVK"]
[SourceTitle "CBM 147 Extra"]
[Source "ChessBase"]
[SourceDate "2012.04.24"]
[SourceVersion "1"]
[SourceVersionDate "2012.04.24"]
[SourceQuality "1"]

1. e4 e5 2. Nf3 Nf6 3. Nxe5 d6 4. Nf3 Nxe4 5. d4 d5 6. Bd3 Be7 7. 0-0 0-0 8. Re1 Nf6 9. Bg5 Bg4 10. Nbd2 Nc6 11. c3 Qd6 12. h3 Bh5 13. Qc2 Bg6 14. Ne5 Bxd3 15. Qxd3 Nh5 16. Bxe7 Nxe7 17. Qf3 Nf6 18. Re2 Rfe8 19. Rae1 Kf8 20. g4 h6 21. c4 dxc4 22. Ndxc4 Qd5 23. Qf4 Nc6 24. Rd1 Nxe5 25. Nxe5 Qxa2 26. h4 Nh7 27. Rde1 Kg8 28. g5 hxg5 29. hxg5 f6 30. gxf6 Nxf6 31. Kh2 Qa6 32. f3 Rf8 33. Rg2 Ne8 34. Qg3 Qh6+ 35. Kg1 Qf4 1/2-1/2

[Event "SVK-ch U16"]
[Site "Lubovnianske Kupele"]
[Date "2012.03.19"]
[Round "4"]
[White "Irha, Martin"]
[Black "Kacir, Tomas"]
[Result "1/2-1/2"]
[WhiteElo "1396"]
[BlackElo "1568"]
[PlyCount "53"]
[EventDate "2012.03.17"]
[EventType "swiss"]
[EventRounds "9"]
[EventCountry "SVK"]
[SourceTitle "CBM 147 Extra"]
[Source "ChessBase"]
[SourceDate "2012.04.24"]
[SourceVersion "1"]
[SourceVersionDate "2012.04.24"]
[SourceQuality "1"]

1. d4 Nf6 2. c4 e6 3. Nc3 Bb4 4. Bd2 b6 5. a3 Bxc3 6. Bxc3 Bb7 7. e3 d5 8. Bd3 Nbd7 9. Nf3 c5 10. 0-0 0-0 11. b4 cxd4 12. Bxd4 Re8 13. Bb2 Rc8 14. cxd5 Bxd5 15. Ne5 Nxe5 16. Bxe5 Qe7 17. Qe2 Nd7 18. Bg3 e5 19. Rfd1 Nf6 20. Bh4 Qe6 21. Bxf6 gxf6 22. Qh5 e4 23. Be2 Rcd8 24. Bg4 Qe5 25. Qxe5 Rxe5 26. Rac1 Rb8 27. Rc7 1/2-1/2

[Event "SVK-chT1E 1112"]
[Site "Slovakia"]
[Date "2011.11.13"]
[Round "4.8"]
[White "Kacir, Tomas"]
[Black "Galovicova, Slavomira"]
[Result "1/2-1/2"]
[WhiteElo "1568"]
[BlackElo "1755"]
[PlyCount "88"]
[EventDate "2011.10.15"]
[EventType "team-tourn"]
[EventRounds "11"]
[EventCountry "SVK"]
[SourceTitle "EXT 2013"]
[Source "ChessBase"]
[SourceDate "2012.11.22"]
[SourceVersion "1"]
[SourceVersionDate "2012.11.22"]
[SourceQuality "1"]
[WhiteTeam "Sabinov II"]
[BlackTeam "Svit"]
[WhiteTeamCountry "SVK"]
[BlackTeamCountry "SVK"]

1. c4 e5 2. Nc3 Nf6 3. g3 d6 4. Bg2 g6 5. e3 Bg7 6. d4 0-0 7. Nge2 c6 8. 0-0 Bg4 9. Qc2 Na6 10. b3 Nc7 11. Bb2 exd4 12. Nxd4 d5 13. h3 Be6 14. Nxe6 fxe6 15. cxd5 exd5 16. Rad1 Qe8 17. Rfe1 Qf7 18. e4 dxe4 19. Nxe4 Nxe4 20. Rxe4 Bxb2 21. Qxb2 Rad8 22. Rde1 Rd7 23. h4 Rfd8 24. Rf4 Qg7 25. Qxg7+ Kxg7 26. Rfe4 Rd1 27. Kf1 Rxe1+ 28. Kxe1 Re8 29. Rxe8 Nxe8 30. Kd2 Kf6 31. Kd3 Ke5 32. a4 h6 33. b4 g5 34. hxg5 hxg5 35. Ke3 Nd6 36. f4+ gxf4+ 37. gxf4+ Kf6 38. Kd4 Ke7 39. Kc5 Ne8 40. b5 cxb5 41. Kxb5 Nd6+ 42. Ka5 Kf6 43. Bxb7 Nxb7+ 44. Ka6 Nc5+ 1/2-1/2

[Event "SVK-chT1E 1112"]
[Site "Slovakia"]
[Date "2011.11.12"]
[Round "3.8"]
[White "Harvan, Richard"]
[Black "Kacir, Tomas"]
[Result "1-0"]
[WhiteElo "1961"]
[BlackElo "1568"]
[PlyCount "61"]
[EventDate "2011.10.15"]
[EventType "team-tourn"]
[EventRounds "11"]
[EventCountry "SVK"]
[SourceTitle "EXT 2013"]
[Source "ChessBase"]
[SourceDate "2012.11.22"]
[SourceVersion "1"]
[SourceVersionDate "2012.11.22"]
[SourceQuality "1"]
[WhiteTeam "Kosice Slavia"]
[BlackTeam "Sabinov II"]
[WhiteTeamCountry "SVK"]
[BlackTeamCountry "SVK"]

1. e4 e5 2. Nf3 Nf6 3. Nxe5 d6 4. Nf3 Nxe4 5. Nc3 Nxc3 6. dxc3 Be7 7. Be3 Nd7 8. Qd2 Nf6 9. 0-0-0 Be6 10. Bd3 Qd7 11. Kb1 a5 12. Nd4 0-0 13. h4 Rfb8 14. c4 d5 15. Nxe6 fxe6 16. f3 Qc6 17. cxd5 exd5 18. h5 Rd8 19. c3 b5 20. h6 g6 21. Qc2 Nd7 22. Qb3 Rdb8 23. f4 Nc5 24. Bxc5 Bxc5 25. Be4 Qf6 26. Rxd5 Kh8 27. Rxc5 Qxf4 28. Bf3 b4 29. Rxa5 bxc3 30. Qxc3+ Kg8 31. Qg7# 1-0

[Event "Ostrava op"]
[Site "Ostrava"]
[Date "2010.05.01"]
[Round "1"]
[White "Kacir, Tomas"]
[Black "Remes, Radek"]
[Result "0-1"]
[WhiteElo "1625"]
[BlackElo "1955"]
[PlyCount "48"]
[EventDate "2010.05.01"]
[EventType "swiss"]
[EventRounds "9"]
[EventCountry "CZE"]
[SourceTitle "EXT 2011"]
[Source "ChessBase"]
[SourceDate "2010.11.26"]
[SourceVersion "1"]
[SourceVersionDate "2010.11.26"]
[SourceQuality "1"]

1. d4 Nf6 2. Nf3 g6 3. g3 Bg7 4. Bg2 d6 5. 0-0 0-0 6. Nc3 c6 7. e4 Na6 8. Re1 Bg4 9. h3 Be6 10. a3 Nc7 11. e5 Nfd5 12. Nxd5 Bxd5 13. exd6 Qxd6 14. Bf4 Qd7 15. Ne5 Qd8 16. Nf3 Ne6 17. Be3 Bxf3 18. Bxf3 Bxd4 19. Bxd4 Qxd4 20. Qxd4 Nxd4 21. Be4 f5 22. c3 Nb3 23. Bc2 Nxa1 24. Rxa1 e5 0-1

[Event "Ostrava SMP op"]
[Site "Ostrava"]
[Date "2006.05.02"]
[Round "4"]
[White "Kacir, Tomas"]
[Black "Safarik, Roman"]
[Result "0-1"]
[WhiteElo "1551"]
[BlackElo "1814"]
[PlyCount "96"]
[EventDate "2006.04.29"]
[EventType "swiss"]
[EventRounds "9"]
[EventCountry "CZE"]
[SourceTitle "EXT 2008"]
[Source "ChessBase"]
[SourceDate "2007.11.25"]
[SourceVersion "1"]
[SourceVersionDate "2007.11.25"]
[SourceQuality "1"]

1. d4 d5 2. Nf3 Nf6 3. c4 e6 4. Bg5 Nbd7 5. e3 c6 6. Nc3 Be7 7. Bd3 dxc4 8. Bxc4 0-0 9. Qc2 h6 10. Bh4 Nd5 11. Bxe7 Qxe7 12. 0-0 N7f6 13. Ne5 Nxc3 14. bxc3 Nd7 15. f4 Nxe5 16. fxe5 b5 17. Be2 Bb7 18. Bf3 Rac8 19. Qd2 Rfd8 20. a4 a6 21. axb5 cxb5 22. Bh5 Rf8 23. Rf2 Rc7 24. Raf1 Qa3 25. Rc1 Bd5 26. Qb2 Qxb2 27. Rxb2 Rfc8 28. Bf3 Rxc3 29. Rxc3 Rxc3 30. Bxd5 exd5 31. Kf2 Kf8 32. Ke2 Ke7 33. Kd2 Rc6 34. Kd3 f6 35. exf6+ Kxf6 36. e4 dxe4+ 37. Kxe4 Rb6 38. Kd5 a5 39. Kc5 Rb8 40. Rf2+ Ke7 41. Re2+ Kd7 42. Rf2 b4 43. d5 b3 44. Rb2 a4 45. Kc4 Kd6 46. g3 a3 47. Rxb3 Rxb3 48. Kxb3 Kxd5 0-1